| 000 | 00482nam a2200181Ia 4500 | ||
|---|---|---|---|
| 003 | IIN | ||
| 005 | 20240105125051.0 | ||
| 008 | 231217s9999 xx 000 0 und d | ||
| 020 |
_cRs.395.00 _a9789386217516 |
||
| 040 |
_aIIN _bEnglish |
||
| 082 |
_a610.73 _bGOW |
||
| 100 | 1 | _aGowda, Krishna | |
| 245 | 1 |
_aEssentials of Sociology _bfor BSc Nursing Students _cKrishna Gowda |
|
| 260 |
_bCBS _aNew Delhi _c2017 |
||
| 300 | _axvi, 343p. | ||
| 650 | 1 |
_aSociology _vNursing |
|
| 942 | _cBOOK | ||
| 999 |
_c380 _d380 |
||